Score 0/18 Timer 03:00
0 Plays Today
Title Missing Word % Correct
Sleepless in ____Seattle
97.8%
10 ____ I Hate About YouThings
97.8%
____ Shades of GreyFifty
96.7%
Austin Powers: The ____ Who Shagged MeSpy
93.3%
An ____ and a GentlemanOfficer
89.7%
The Hand That Rocks the ____Cradle
88.2%
Shoot to ____Kill
87.2%
____ and the HendersonsHarry
79.1%
It Happened at the World's ____Fair
77.4%
Title Missing Word % Correct
____ Anything...Say
77.2%
The ____ Baker BoysFabulous
75.6%
____ Cody BanksAgent
75.4%
My Own ____ IdahoPrivate
74%
Mission: Impossible - ____ ProtocolGhost
63.5%
____ Lee: The Man, The MythBruce
59.6%
This Boy's ____Life
51.8%
Things We Lost in the ____Fire
45.4%
A ____ ThingGuy
13.4%

Today's Daily Dose

Remove Ads.
Support Sporcle.
Get the best of Sporcle when you Go Orange. This ad-free experience offers more features, more stats, and more fun while also helping to support Sporcle. Thank you for becoming a member.

You're not logged in!

Compare scores with friends on all Sporcle quizzes.
OR
Log In

Show Comments

Extras

Top Quizzes Today


Score Distribution

Your Account Isn't Verified!

In order to create a playlist on Sporcle, you need to verify the email address you used during registration. Go to your Sporcle Settings to finish the process.

Report this User

Report this user for behavior that violates our Community Guidelines.

Details: